000 01025nam a22003377a 4500
001 BR0403073
003 BR-BrBNA
005 20230928101642.0
007 ta
008 230509b bl.||||| |||| 00| 0 por d
040 _aBR-BrBNA
_bpor
_cBiblioteca Nacional de Agricultura
041 _a(Por)
072 _aF02
_b1112
_b3530
090 _ 1112 BR0403073
100 1 _aVicentini, S.
110 1 _aUniversidade Federal de Lavras, MG (Brasil)
_0Tese (Mestrado)
245 1 _aEfeito de doses e intervalos de aplicação de MAP no crescimento de mudas de bananeira cv. Grand Naine obtidas "in vitro"
260 3 _aLavras, MG (Brasil):
_c1995.
300 _a99 p.
500 _aSummaries (Eng, Por); Bibliography p. 92-99; 20 illus.; 10 tables
650 _aBANANA
650 _aMUDA
650 _aCULTURA IN VITRO
650 _aMÉTODO DE APLICAÇÃO
650 _aCRESCIMENTO
650 _aNITROGÊNIO
650 _aADUBAÇÃO
650 _aVIVEIRO
909 _a202309
_bLucia
_c55
_dLucia Elande
942 _cBK
999 _c66891
_d66891